000 00322nam a2200121Ia 4500
008 190216s9999||||xx |||||||||||||| ||und||
100 _aSteurat H King
245 4 _aThe Learner`S Anthology Of Short Stories
260 _bGeorge Allen & Unwin Ltd
_c1973
300 _a150p
650 _aEnglish Short Stories
942 _cBK
999 _c12565
_d12565